Statistics for Guess the country by it's population

Click here to take the quiz!

General Stats

  • This quiz has been taken 33 times
  • The average score is 11 of 15

Answer Stats

HintAnswer% Correct
64,626,628 (Europe)France
100%
1,425,887,337 (Asia)China
97%
83,369,843 (Europe)Germany
97%
1,417,173,173 (Asia)India
97%
338,289,857 (North America)USA
93%
67,508,936 (Europe)UK
90%
123,951,692 (Asia)Japan
83%
218,541,212 (Africa)Nigeria
83%
275,501,339 (Asia)Indonesia
79%
39,701,739 (Europe)Ukraine
76%
2,695,122 (Middle-East)Qatar
62%
10,549,347 (Europe)Sweden
62%
533,286 (Europe)Malta
55%
51,815,810 (Asia)South Korea
45%
12,356,117 (Africa)Tunisia
24%

Score Distribution

Percentile by Number Answered

Percent of People with Each Score

Your Score History

You have not taken this quiz